|
|
|
|
| LEADER |
00000nam0a2200000 4500 |
| 001 |
151817 |
| 005 |
20231101221604.0 |
| 010 |
|
|
|a 9785982274441
|b 1000 экз.
|
| 021 |
|
|
|a RU
|b 09-40012
|9 09-2433
|
| 035 |
|
|
|a (RuTPU)RU\TPU\book\164608
|
| 090 |
|
|
|a 151817
|
| 100 |
|
|
|a 20090619d2009 m y0rusy5002 ca
|
| 101 |
0 |
|
|a ger
|a rus
|
| 102 |
|
|
|a RU
|
| 105 |
|
|
|a y gj 001zy
|
| 200 |
1 |
|
|a Грамматика немецкого языка
|e краткий справочник
|e учебное пособие для вузов
|f В. М. Завьялова, И. В. Извольская
|
| 205 |
|
|
|a 5-е изд., испр. и доп.
|
| 210 |
|
|
|a Москва
|c КДУ
|d 2009
|
| 215 |
|
|
|a 271 с.
|d 17 см.
|
| 320 |
|
|
|a Библиогр.: с. 265.
|
| 330 |
|
|
|a Имена существительные — слова, обозначающие предметы (в широком смысле). Как и в русском языке, немецкие существительные делятся на собственные (Helga, Hans, Schmidt; Moskau, Berlin; Wolga, Rhein; Amerika, Deutschland) и нарицательные (das Haus, die Stadt, der Mann, die Frau, das Kind). Как и в русском языке, каждое существительное в немецком языке относится к грамматическому роду: мужскому, среднему или женскому. Показателем рода существительного является артикль. Он указывается при существительном в словаре (der, die, das или т, f, п). Одной из трудностей для изучающих немецкий язык является определение рода существительного. Существуют правила, которыми можно руководствоваться, чтобы установить род многих существительных.
|
| 606 |
1 |
|
|a Немецкий язык
|x Для вузов
|x Пособия по грамматике
|2 stltpush
|3 (RuTPU)RU\TPU\subj\45396
|9 64638
|
| 610 |
1 |
|
|a морфология
|
| 610 |
1 |
|
|a синтаксис
|
| 610 |
1 |
|
|a части речи
|
| 610 |
1 |
|
|a предложения
|
| 610 |
1 |
|
|a словообразование
|
| 610 |
1 |
|
|a учебные пособия
|
| 610 |
1 |
|
|a справочники
|
| 686 |
|
|
|a Ш143.24-923.2
|v LBC/SL-A
|2 rubbk
|
| 700 |
|
1 |
|a Завьялова
|b В. М.
|g Валентина Мартовна
|4 070
|
| 701 |
|
1 |
|a Извольская
|b И. В.
|g Ирина Вадимовна
|4 070
|
| 801 |
|
1 |
|a RU
|b 63413507
|c 20090128
|g PSBO
|
| 801 |
|
2 |
|a RU
|b 63413507
|c 20130426
|g PSBO
|
| 942 |
|
|
|c BK
|
| 959 |
|
|
|a 12/20090126
|d 1
|e 0
|f ЧЗИЛ:1
|